Namma parisara. (Record no. 104318)

MARC details
000 -LEADER
fixed length control field 00598nam a2200217Ia 4500
003 - CONTROL NUMBER IDENTIFIER
control field OSt
005 - DATE AND TIME OF LATEST TRANSACTION
control field 20260605164741.0
008 - FIXED-LENGTH DATA ELEMENTS--GENERAL INFORMATION
fixed length control field 210210b2000 xxu||||| |||| 00| 0 eng d
020 ## - INTERNATIONAL STANDARD BOOK NUMBER
International Standard Book Number 81 7302 419 7
040 ## - CATALOGING SOURCE
Transcribing agency AL
041 ## - LANGUAGE CODE
Language code of text/sound track or separate title Kannada
082 ## - DEWEY DECIMAL CLASSIFICATION NUMBER
Classification number 574.5K SHIN
100 ## - MAIN ENTRY--PERSONAL NAME
Personal name SHIVARAMA RAI (P).
Dates associated with a name ಪಿ. ಶಿವರಾಮ ರೈ
9 (RLIN) 265366
245 ## - TITLE STATEMENT
Title Namma parisara.
Remainder of title ನಮ್ಮ ಪರಿಸರ
260 ## - PUBLICATION, DISTRIBUTION, ETC.
Place of publication, distribution, etc. Bengaluru
Name of publisher, distributor, etc. Navakarnataka Prakashana
Date of publication, distribution, etc. 2000
300 ## - PHYSICAL DESCRIPTION
Extent 120
650 ## - SUBJECT ADDED ENTRY--TOPICAL TERM
Topical term or geographic name entry element Parisara Environment
9 (RLIN) 265367
690 ## - LOCAL SUBJECT ADDED ENTRY--TOPICAL TERM (OCLC, RLIN)
Topical term or geographic name as entry element Ecology
9 (RLIN) 265368
906 ## - LOCAL DATA ELEMENT F, LDF (RLIN)
a 056961
942 ## - ADDED ENTRY ELEMENTS (KOHA)
Source of classification or shelving scheme Dewey Decimal Classification
Koha item type Book
Holdings
Withdrawn status Lost status Damaged status Not for loan Collection code Home library Current library Shelving location Date acquired Source of acquisition Cost, normal purchase price Total Checkouts Full call number Barcode Date last seen Price effective from Koha item type
          St Aloysius Library St Aloysius Library   02/17/2021 Athree Book Centre, Mangalore-01. 40.00   574.5K SHIN 056961 02/17/2021 02/17/2021 Book